U.S. News - The Report

Bibliographic Details
Format: Electronic Journal
Language:English
Published: US News & World Report, L.P.
Online Access:Full text available on EBSCOhost[Jan 2017-Sep 2018]
Off-campus access
LEADER 00915cas a2200169 a 4500
001 AALejournalEBSCOMFP002921
008 230102c9999 xx r poo 0 0eng d
040 |a BD-DhAAL  |c BD-DhAAL 
245 0 0 |h [electronic resource]  |a U.S. News - The Report 
260 |b US News & World Report, L.P. 
300 |a 1 online resource 
500 |a <strong>Off-Campus Access:</strong> Athens ID and Password Required 
500 |a <strong>On-Campus Access:</strong> No User ID or Password Required 
506 |a Electronic access restricted to authorized BRAC University faculty, staff and students 
538 |a Mode of access: Internet 
856 4 0 |z Full text available on EBSCOhost[Jan 2017-Sep 2018]  |u https://search.ebscohost.com/direct.asp?db=f5h&jid=K4UA&scope=site 
856 4 0 |z Off-campus access  |u https://go.openathens.net/redirector/bracu.ac.bd?url=https%3A%2F%2Fsearch.ebscohost.com%2Fdirect.asp%3Fdb%3Df5h%26jid%3DK4UA%26scope%3Dsite